• 首页
  • 本馆介绍
  • 公告通知
  • 最新文献
  • 馆藏检索
  • 电子资源
  • 读者导购
  • 参考咨询
  • 我的图书馆
  • 登录
  • 详细信息显示
  • 放入我的书架
  • 预约/预借图书
  • 作者相关作品
  • 分类相关作品
  • 丛书相关作品
  • 出版社相关作品

书目信息

  • 表格格式
  • 工作单格式
  • 卡片格式
题名:
朱伯儒之歌
    
 
作者:
分册:  
出版信息: 北京   战士出版社  1983
页数: 197页
开本: 19cm
丛书名:
单 册:
中图分类: E221 , K824.1
科图分类:
主题词: 人物--传记--中国
电子资源:
ISBN:
000 00620nam0 2200253 45
001 0183003069
005 20061118164212.54
010    @dCNY0.60
091    @a3185.15
100    @a19950424d1983 em y0chiy0121 ea
101 0  @achi
102    @aCN@b110000
105    @ay z 000yd
106    @ar
200 10 @a朱伯儒之歌@Azhu bo ru zhi ge
210    @a北京@c战士出版社@d1983
215    @a197页@d19cm
600  0 @a朱伯儒@x生平事迹
606 0  @a人物@x传记@x中国
690    @aE221@v3
690    @aK824.1@v3
801  0 @aCN@b上海图书馆@c20061118
801  2 @aCN@bNLC@c20040513
905    @f2@b106266-267@dK824.1@e11
    
    朱伯儒之歌.-北京:战士出版社,1983
    197页;19cm
    
    
    ISBN :CNY0.60
    
●
相关链接 在E读中查询图书 在五车中查询图书 在当当中查询图书 在豆瓣中查询图书


正题名:朱伯儒之歌     索取号:K824.1/11         预约/预借

序号 登录号 条形码 馆藏地/架位号 状态 备注
1 0106266   001393502   密集书库/ [索取号:K824.1/11] 在馆    
2 0106267   001393548   密集书库/ [索取号:K824.1/11] 在馆    
3 0106268   001393584   密集书库/ [索取号:K824.1/11] 在馆    
唐山师范学院图书馆 欢迎您!
大连网信软件有限公司© 版权所有